000
00270nam a2200109Ia 4500
008
220630s9999 xx 000 0 und d
020
_a
9781863731607
082
_a
616.8526 ROBE
100
_a
Robertson, Matra
_9
152902
245
0
_a
Starving in the silence
942
_c
BK
_w
561
_x
John Tresidder
_y
561
_z
John Tresidder
999
_c
693329
_d
693328